Manual Washington de Procedimientos Clínicos (Registro nro. 308975)
[ vista simple ]
| 000 -ENCABEZADO | |
|---|---|
| Número de control [NR] | 01068 a2200217 4500 |
| 005 - FECHA Y HORA DE LA ÚLTIMA TRANSACCIÓN | |
| control field | 20180307141308.0 |
| 008 - DE LONGITUD FIJA DE DATOS DE ELEMENTOS - INFORMACIÓN GENERAL | |
| Elementos de longitud fija [NR] | 180116s2017 xxu||||| |||| 00| 0 spa d |
| 020 ## - NUMERO INTERNACIONAL NORMALIZADO PARA LIBROS [R] | |
| Número Internacional Normalizado del libro [NR] | 9788416781256 |
| 040 ## - FUENTE DE CATALOGACION [NR] | |
| Agencia de catalogación original [NR] | CO-BoUCM |
| Idioma de catalogación [NR] | spa |
| Quien Cataloga | Saul Niño |
| Quien Clasifica | Saul Niño |
| 041 1# - CODIGO DE IDIOMA [R] | |
| Código de idioma para texto/pista de sonido o título separado [R] | Español |
| 060 ## - SIGNATURA TOPOGRAFICA DE LA BIBLIOTECA NACIONAL DE MEDICINA (NLM) [R] | |
| Número clasificador [R] | WB 105 |
| 245 10 - MENCION DE TITULO [NR] | |
| Título [NR] | Manual Washington de Procedimientos Clínicos |
| Mención de responsabilidad, etc. [NR] | editor, James Matthew Freer ; [traducción, Sergio Sarmiento Ortega] |
| 260 ## - PUBLICACION, DISTRIBUCION, ETC. (PIE DE IMPRENTA) [R] | |
| Lugar de publicación, distribución, etc. [R] | Philadelphia |
| Nombre del editor, distribuidor, etc. [R] | Wolters Kluwer |
| Fecha de publicación, distribución, etc. [R] | 2017 |
| 300 ## - DESCRIPCION FISICA [R] | |
| Extensión [R] | 53 páginas |
| Otros detalles físicos [NR] | ilustraciones |
| 650 17 - ASIENTO SECUNDARIO DE MATERIA - TERMINO TEMATICO [R] | |
| 9 (RLIN) | 10920 |
| Término temático o nombre geográfico como elemento de entrada [NR] | Cirugía menor |
| 650 #7 - ASIENTO SECUNDARIO DE MATERIA - TERMINO TEMATICO [R] | |
| 9 (RLIN) | 19142 |
| Término temático o nombre geográfico como elemento de entrada [NR] | Medicina de urgencias |
| 650 #7 - ASIENTO SECUNDARIO DE MATERIA - TERMINO TEMATICO [R] | |
| 9 (RLIN) | 26003 |
| Término temático o nombre geográfico como elemento de entrada [NR] | Urgencias médicas |
| 700 1# - ASIENTO SECUNDARIO - NOMBRE PERSONAL [R] | |
| Nombre personal [NR] | Sarmiento Ortega, Sergio |
| Término de relación [R] | traductor |
| 9 (RLIN) | 90748 |
| 856 ## - LOCALIZACION Y ACCESO ELECTRONICOS [R] | |
| Identificador Uniforme del Recurso (“URI”) [R] | <a href="http://ez.urosario.edu.co/login?url=http://crai-recursos.urosario.edu.co/valida/index2.php?correo=^u&url=http://solution.lww.com/espanol-Freer_1etab_725622&cadena=TWFudWFsIFdhc2hpbmd0b24gZGUgUHJvY2VkaW1pZW50b3MgQ2zDrW5pY29zfHdlYmlibGlvdGVjYUB1cm9zYXJpby5lZHUuY298VVJvc2FyaW9DckBpMjAxOA==">http://ez.urosario.edu.co/login?url=http://crai-recursos.urosario.edu.co/valida/index2.php?correo=^u&url=http://solution.lww.com/espanol-Freer_1etab_725622&cadena=TWFudWFsIFdhc2hpbmd0b24gZGUgUHJvY2VkaW1pZW50b3MgQ2zDrW5pY29zfHdlYmlibGlvdGVjYUB1cm9zYXJpby5lZHUuY298VVJvc2FyaW9DckBpMjAxOA==</a> |
| Nota dirigida al público [R] | Material complementario |
| 942 ## - ELEMENTOS DE ENTRADA AGREGADOS (KOHA) | |
| Tipo de ítem principal el descrito en 300a | Libro |
| Sistema de clasificación | NLM |
| Tema principal | Ciencias de la salud |
| Edición | 1 |
| Clasificación | WB 105 |
| Parte restante de la signatura top. | M294w |
| Título oculto en OPAC | No |
| Total préstamos | Signatura topográfica | Código de barras | Última vez visto | Ejemplar | Costo de reposición | Price effective from | Tipo de ítem | Perdido | Sistema de clasificación | Dañado | No prestable | Tipo de ítem específico | Suprimido | Ubicación habitual | Ubicación actual | Localización | Fecha de creación | Proveedor | Forma de adquisición | Costo | Fecha de último préstamo | Total Renewals |
|---|---|---|---|---|---|---|---|---|---|---|---|---|---|---|---|---|---|---|---|---|---|---|
| WB 105 M294w | 100156047 | 01/12/2025 | Ej.2 | 91800.00 | 11/01/2018 | Libro | NLM | Libro | Fundación Cardioinfantil | Fundación Cardioinfantil | 1er piso | 11/01/2018 | 9 | Compra | 91800.00 | |||||||
| 1 | WB 105 M294w | 100156083 | 01/12/2025 | Ej.1 | 86400.00 | 15/01/2018 | Libro | NLM | Libro | Fundación Cardioinfantil | Fundación Cardioinfantil | 1er piso | 15/01/2018 | 111 | Compra | 86400.00 | 10/09/2018 | 2 |